[Event "Wiesbaden op 31st"]
[Site "Wiesbaden"]
[Date "2019.08.24"]
[Round "5"]
[White "Muenstermann, Matthias"]
[Black "Herrmann, Gerhard"]
[Result "1/2-1/2"]
[WhiteElo "1691"]
[BlackElo "1554"]
[PlyCount "32"]
[EventDate "2019.08.22"]
[EventType "swiss"]
[EventRounds "7"]
[EventCountry "GER"]
[SourceTitle "EXT 2020"]
[Source "ChessBase"]
[SourceDate "2019.10.17"]
[SourceVersion "1"]
[SourceVersionDate "2019.10.17"]
[SourceQuality "1"]

1. d4 Nf6 2. c4 e6 3. Nc3 b6 4. Bg5 Be7 5. Nf3 Bb7 6. e3 0-0 7. Be2 d5 8. 0-0 Nbd7 9. cxd5 exd5 10. Rc1 Ne4 11. Bxe7 Qxe7 12. Qc2 Rac8 13. Nxe4 dxe4 14. Nd2 c5 15. dxc5 Nxc5 16. Qb1 f5 1/2-1/2

[Event "Wiesbaden op 31st"]
[Site "Wiesbaden"]
[Date "2019.08.24"]
[Round "4"]
[White "Pauly, Markus"]
[Black "Muenstermann, Matthias"]
[Result "1-0"]
[WhiteElo "1846"]
[BlackElo "1691"]
[PlyCount "125"]
[EventDate "2019.08.22"]
[EventType "swiss"]
[EventRounds "7"]
[EventCountry "GER"]
[SourceTitle "EXT 2020"]
[Source "ChessBase"]
[SourceDate "2019.10.17"]
[SourceVersion "1"]
[SourceVersionDate "2019.10.17"]
[SourceQuality "1"]

1. c4 e5 2. Nc3 Nf6 3. Nf3 Nc6 4. d4 exd4 5. Nxd4 Bc5 6. Nxc6 bxc6 7. g3 0-0 8. Bg2 Bb7 9. 0-0 d5 10. Qc2 Qe7 11. b3 h6 12. Bb2 Rad8 13. Rad1 Rfe8 14. Na4 Bd6 15. c5 Be5 16. e3 Bxb2 17. Nxb2 Bc8 18. h3 Ne4 19. Nd3 Bf5 20. Qb2 Ng5 21. Kh2 Be4 22. f3 Bxd3 23. Rxd3 Qxc5 24. Rc1 Qd6 25. h4 Nh7 26. Qc2 Re6 27. e4 Nf6 28. exd5 Nxd5 29. Qf2 Qe7 30. Rcd1 Re8 31. Qxa7 Ne3 32. R1d2 Nxg2 33. Rxg2 Re2 34. Rd2 Rxd2 35. Rxd2 Qe5 36. Kg2 g5 37. hxg5 hxg5 38. Qf2 Qe6 39. Qd4 f6 40. Qc4 Qxc4 41. bxc4 Ra8 42. Kf2 Ra4 43. Rc2 Kf7 44. Ke3 c5 45. Ke4 Ke6 46. g4 c6 47. f4 gxf4 48. Kxf4 Ke7 49. Kf5 Kf7 50. Rb2 Ra7 51. Rb6 Rxa2 52. Rxc6 Rf2+ 53. Ke4 Re2+ 54. Kf4 Re5 55. Rc8 Kg7 56. Rd8 Kf7 57. Rh8 Re6 58. Rh5 Rc6 59. Kf5 Kg7 60. Kf4 Kf7 61. Kf5 Kg7 62. Ke4 Kf7 63. Kd5 1-0

[Event "Frankfurt-chA"]
[Site "Frankfurt"]
[Date "2019.06.03"]
[Round "6"]
[White "Muenstermann, Matthias"]
[Black "Menning, Uwe"]
[Result "1/2-1/2"]
[WhiteElo "1666"]
[BlackElo "1779"]
[PlyCount "99"]
[EventDate "2019.04.29"]
[EventType "swiss"]
[EventRounds "7"]
[EventCountry "GER"]
[SourceTitle "EXT 2020"]
[Source "ChessBase"]
[SourceDate "2019.10.17"]
[SourceVersion "1"]
[SourceVersionDate "2019.10.17"]
[SourceQuality "1"]

1. d4 d5 2. c4 e6 3. Nc3 Nf6 4. Nf3 Be7 5. Bg5 0-0 6. e3 dxc4 7. Bxc4 b6 8. 0-0 Bb7 9. Rc1 Nfd7 10. Bxe7 Qxe7 11. d5 c5 12. e4 exd5 13. Nxd5 Qd8 14. Qc2 Na6 15. Rcd1 Bxd5 16. Bxd5 Nb4 17. Qa4 b5 18. Qxb5 Rb8 19. Qa4 Nxd5 20. Rxd5 Nb6 21. Rxd8 Nxa4 22. Rxf8+ Kxf8 23. Ne5 Rxb2 24. h3 f6 25. Nd3 Rd2 26. Nf4 g5 27. Nd5 Kf7 28. f4 Ke6 29. fxg5 fxg5 30. Rf6+ Ke5 31. Rf7 Kxe4 32. Nf6+ Kd3 33. Rxa7 Rxa2 34. Rd7+ Kc2 35. Rc7 Kd3 36. Rd7+ Ke3 37. Rc7 h6 38. Ng4+ Kd4 39. Nxh6 c4 40. Nf5+ Ke5 41. Ne3 c3 42. Rc4 Ra3 43. Kf2 Nb2 44. Rc8 Nd3+ 45. Ke2 Nf4+ 46. Kf3 Rb3 47. h4 c2 48. Rxc2 Nd5 49. Re2 gxh4 50. Kf2 1/2-1/2

[Event "Wiesbaden op 30th"]
[Site "Wiesbaden"]
[Date "2018.08.24"]
[Round "3"]
[White "Muenstermann, Matthias"]
[Black "Moes, Waldemar"]
[Result "0-1"]
[WhiteElo "1839"]
[BlackElo "2015"]
[PlyCount "106"]
[EventDate "2018.08.23"]
[EventType "swiss"]
[EventRounds "7"]
[EventCountry "GER"]
[SourceTitle "CBM 186 Extra"]
[Source "ChessBase"]
[SourceDate "2018.08.24"]
[SourceVersion "1"]
[SourceVersionDate "2018.08.24"]
[SourceQuality "1"]

1. d4 Nf6 2. c4 g6 3. Nc3 Bg7 4. e4 d6 5. f3 0-0 6. Be3 Nc6 7. Qd2 Rb8 8. 0-0-0 a6 9. Nd5 b5 10. Nxf6+ Bxf6 11. h4 e5 12. d5 Nd4 13. Bd3 bxc4 14. Bxc4 Bd7 15. Ne2 Nxe2+ 16. Bxe2 Bxh4 17. Kb1 f5 18. Bxa6 f4 19. Bf2 Bxf2 20. Qxf2 Rb6 21. Bc4 Qg5 22. Qh4 Qxh4 23. Rxh4 Rfb8 24. Rd2 h5 25. Bb3 Kg7 26. Rh1 R6b7 27. Rc2 Bb5 28. Ka1 Ra7 29. Rhc1 Rbb7 30. Bc4 Bd7 31. Rc3 g5 32. Rb3 Rxb3 33. Bxb3 g4 34. Bd1 g3 35. Be2 h4 36. Bf1 Kg6 37. b3 Kg5 38. a4 Be8 39. Kb2 Bh5 40. Rc3 h3 41. gxh3 g2 42. Bxg2 Kh4 43. Bf1 Kg3 44. Be2 Kxh3 45. Rc1 Kg3 46. Rf1 Be8 47. Kc3 c6 48. Kc4 Bf7 49. Kd3 cxd5 50. exd5 Bxd5 51. Kc3 Rc7+ 52. Kb2 Rb7 53. Rd1 Bxb3 0-1

[Event "Wiesbaden op 30th"]
[Site "Wiesbaden"]
[Date "2018.08.23"]
[Round "1"]
[White "Stork, Oliver"]
[Black "Muenstermann, Matthias"]
[Result "1-0"]
[WhiteElo "2175"]
[BlackElo "1839"]
[PlyCount "51"]
[EventDate "2018.08.23"]
[EventType "swiss"]
[EventRounds "7"]
[EventCountry "GER"]
[SourceTitle "CBM 186 Extra"]
[Source "ChessBase"]
[SourceDate "2018.08.24"]
[SourceVersion "1"]
[SourceVersionDate "2018.08.24"]
[SourceQuality "1"]

1. c4 e5 2. g3 Nf6 3. Bg2 Bc5 4. Nc3 0-0 5. e3 Nc6 6. Nge2 d6 7. 0-0 Be6 8. d4 Bxc4 9. dxc5 dxc5 10. Qxd8 Raxd8 11. b3 Bd3 12. Bxc6 bxc6 13. Ba3 Nd7 14. Rfd1 Bf5 15. Na4 e4 16. Nxc5 Ne5 17. Nb7 Rxd1+ 18. Rxd1 Rb8 19. Rd8+ Rxd8 20. Nxd8 Bc8 21. Nd4 Bd7 22. Kg2 h6 23. f4 exf3+ 24. Nxf3 Nd3 25. Nb7 Bf5 26. Nc5 1-0

[Event "Frankfurt-chA"]
[Site "Frankfurt"]
[Date "2018.06.18"]
[Round "7"]
[White "Muenstermann, Matthias"]
[Black "Varma, Christopher"]
[Result "1/2-1/2"]
[WhiteElo "1623"]
[BlackElo "1816"]
[PlyCount "52"]
[EventDate "2018.04.30"]
[EventType "swiss"]
[EventRounds "7"]
[EventCountry "GER"]
[SourceTitle "EXT 2019"]
[Source "ChessBase"]
[SourceDate "2018.10.10"]
[SourceVersion "1"]
[SourceVersionDate "2018.10.10"]
[SourceQuality "1"]

1. d4 Nf6 2. c4 g6 3. Nc3 Bg7 4. e4 d6 5. f3 0-0 6. Be3 Nc6 7. Qd2 a6 8. Nge2 Na5 9. Nf4 e5 10. Nfd5 b5 11. Nxf6+ Bxf6 12. Nd5 Nxc4 13. Bxc4 bxc4 14. Nxf6+ Qxf6 15. d5 Qe7 16. Rc1 f5 17. Bg5 Qf7 18. 0-0 Bd7 19. Rfe1 Bb5 20. a4 Bxa4 21. Rxc4 Bb5 22. Rc2 Rfb8 23. Rec1 Rb7 24. Qa5 Rc8 25. Qa3 Qd7 26. Bd2 Ba4 1/2-1/2

[Event "Hessen-chB"]
[Site "Frankfurt"]
[Date "2018.05.12"]
[Round "5"]
[White "Lopez, Victor"]
[Black "Muenstermann, Matthias"]
[Result "0-1"]
[WhiteElo "1689"]
[BlackElo "1891"]
[PlyCount "36"]
[EventDate "2018.05.10"]
[EventType "swiss"]
[EventRounds "7"]
[EventCountry "GER"]
[SourceTitle "EXT 2019"]
[Source "ChessBase"]
[SourceDate "2018.10.10"]
[SourceVersion "1"]
[SourceVersionDate "2018.10.10"]
[SourceQuality "1"]

1. e4 c5 2. c3 d5 3. exd5 Qxd5 4. Nf3 Nf6 5. d4 cxd4 6. cxd4 e6 7. Nc3 Qd8 8. Ne5 Be7 9. Bb5+ Bd7 10. Nxd7 Nbxd7 11. 0-0 0-0 12. d5 exd5 13. Nxd5 Nxd5 14. Qxd5 Nc5 15. Qf3 Qb6 16. Bc4 Qf6 17. Qxf6 Bxf6 18. Bxf7+ Rxf7 0-1

[Event "Wiesbaden op 28th"]
[Site "Wiesbaden"]
[Date "2016.08.27"]
[Round "4"]
[White "Muenstermann, Matthias"]
[Black "Klebs, Sebastian"]
[Result "1-0"]
[WhiteElo "1560"]
[BlackElo "1836"]
[PlyCount "49"]
[EventDate "2016.08.25"]
[EventType "swiss"]
[EventRounds "7"]
[EventCountry "GER"]
[SourceTitle "CBM 174 Extra"]
[Source "ChessBase"]
[SourceDate "2016.10.10"]
[SourceVersion "1"]
[SourceVersionDate "2016.10.10"]
[SourceQuality "1"]

1. d4 d5 2. c4 c6 3. Nf3 e6 4. e3 Nf6 5. Nc3 Nbd7 6. Bd3 dxc4 7. Bxc4 b5 8. Bd3 a6 9. 0-0 Bb7 10. Ne4 c5 11. Nxf6+ Qxf6 12. b3 Bd6 13. Bb2 e5 14. dxe5 Nxe5 15. Bxe5 Bxe5 16. Nxe5 Qxe5 17. Qe2 0-0 18. Rfd1 Rfd8 19. a4 b4 20. Rac1 g6 21. Bc4 a5 22. Qg4 h5 23. Qxg6+ Qg7 24. Bxf7+ Kf8 25. Qxg7+ 1-0

[Event "Frankfurt-chA"]
[Site "Frankfurt"]
[Date "2016.05.02"]
[Round "2"]
[White "Muenstermann, Matthias"]
[Black "Breitwieser, Jasmin"]
[Result "0-1"]
[WhiteElo "1529"]
[BlackElo "1940"]
[PlyCount "30"]
[EventDate "2016.04.25"]
[EventType "swiss"]
[EventRounds "9"]
[EventCountry "GER"]
[SourceTitle "EXT 2018"]
[Source "ChessBase"]
[SourceDate "2017.10.13"]
[SourceVersion "1"]
[SourceVersionDate "2017.10.13"]
[SourceQuality "1"]

1. e4 c5 2. Nf3 e6 3. d4 cxd4 4. Nxd4 Nc6 5. Nc3 a6 6. Be3 Qc7 7. Be2 Nf6 8. 0-0 b5 9. a3 Bb7 10. f4 Bc5 11. b4 Bb6 12. e5 Nxe5 13. fxe5 Qxc3 14. Qd3 Qxd3 15. Bxd3 Ng4 0-1

[Event "Frankfurt-chA"]
[Site "Frankfurt"]
[Date "2015.06.01"]
[Round "5"]
[White "Muenstermann, Matthias"]
[Black "Raquet, Helmut"]
[Result "1/2-1/2"]
[WhiteElo "1532"]
[BlackElo "1644"]
[PlyCount "59"]
[EventDate "2015.04.27"]
[EventType "swiss"]
[EventRounds "7"]
[EventCountry "GER"]
[SourceTitle "EXT 2016"]
[Source "ChessBase"]
[SourceDate "2015.10.08"]
[SourceVersion "1"]
[SourceVersionDate "2015.10.08"]
[SourceQuality "1"]

1. e4 e6 2. d4 d5 3. Nd2 Nf6 4. e5 Nfd7 5. Ngf3 c5 6. dxc5 Nc6 7. Nb3 Nxc5 8. Be3 Nd7 9. Bf4 Qc7 10. Bb5 Be7 11. 0-0 0-0 12. Re1 a6 13. Bd3 Nb4 14. Re2 b6 15. a3 Nc6 16. Rc1 b5 17. c3 Bb7 18. Bc2 Rfe8 19. Qd3 Nf8 20. Nfd4 Bd8 21. Nxc6 Bxc6 22. Nd4 Bd7 23. Re3 f5 24. Re2 Be7 25. Rce1 Qd8 26. Bb3 Kh8 27. Qc2 Rc8 28. Qd3 Qc7 29. Qg3 Qd8 30. Qd3 1/2-1/2

[Event "Frankfurt-chA"]
[Site "Frankfurt"]
[Date "2015.05.11"]
[Round "3"]
[White "Muenstermann, Matthias"]
[Black "Hochmuth, Christian"]
[Result "0-1"]
[WhiteElo "1532"]
[BlackElo "1795"]
[PlyCount "120"]
[EventDate "2015.04.27"]
[EventType "swiss"]
[EventRounds "7"]
[EventCountry "GER"]
[SourceTitle "EXT 2016"]
[Source "ChessBase"]
[SourceDate "2015.10.08"]
[SourceVersion "1"]
[SourceVersionDate "2015.10.08"]
[SourceQuality "1"]

1. e4 c6 2. Nf3 d5 3. Nc3 Bg4 4. h3 Bxf3 5. Qxf3 Nf6 6. d3 e6 7. g4 Bb4 8. Bd2 Nbd7 9. g5 Ng8 10. h4 Qb6 11. 0-0-0 d4 12. Ne2 Bxd2+ 13. Rxd2 Ne7 14. h5 c5 15. Bh3 Qa5 16. a3 b5 17. g6 hxg6 18. hxg6 Nxg6 19. Rdd1 Ke7 20. Qg3 b4 21. Qg5+ Kd6 22. axb4 Qxb4 23. f4 Rab8 24. b3 Qa3+ 25. Kd2 Qa5+ 26. Kc1 Qa3+ 27. Kd2 Qb4+ 28. Kc1 Ndf8 29. f5 Qa3+ 30. Kd2 Qb4+ 31. c3 dxc3+ 32. Nxc3 Ne5 33. Qxg7 Nfd7 34. Qg3 Rbg8 35. Qf4 Rh4 36. Qf2 Rgh8 37. fxe6 Rxh3 38. Rxh3 Rxh3 39. exd7 Nxd7 40. Qf4+ Kc6 41. Ra1 Qxb3 42. Rb1 Qa3 43. e5 Nb6 44. Qf6+ Kb7 45. Qxf7+ Ka6 46. Qxa7+ Kxa7 47. Nb5+ Kb7 48. Nxa3 Kc6 49. Re1 Nd5 50. Nc4 Kd7 51. Nd6 Nf4 52. Re3 Rh2+ 53. Kc3 Nd5+ 54. Kc4 Nxe3+ 55. Kxc5 Ke6 56. d4 Rc2+ 57. Kb4 Kd5 58. Nb5 Rc4+ 59. Ka5 Rc1 60. Ka4 Nf5 0-1

[Event "Karl Mala Memorial op 12th"]
[Site "Frankfurt"]
[Date "2009.07.18"]
[Round "5"]
[White "Abrahamyan, Arsen"]
[Black "Muenstermann, Matthias"]
[Result "1-0"]
[WhiteElo "1688"]
[BlackElo "1331"]
[PlyCount "59"]
[EventDate "2009.07.16"]
[EventType "swiss"]
[EventRounds "7"]
[EventCountry "GER"]
[SourceTitle "EXT 2010"]
[Source "ChessBase"]
[SourceDate "2010.11.25"]
[SourceVersion "1"]
[SourceVersionDate "2010.11.25"]
[SourceQuality "1"]

1. e4 Nc6 2. Nf3 g6 3. d4 d5 4. e5 Bf5 5. c3 Bg7 6. Bb5 f6 7. Bf4 e6 8. Nbd2 Nge7 9. exf6 Bxf6 10. Ne5 a6 11. Nxc6 Nxc6 12. Ba4 0-0 13. Nf3 Bg4 14. Bg3 Bg5 15. Qe2 Qf6 16. 0-0 Bxf3 17. gxf3 Rae8 18. Bxc7 Qxf3 19. Qxf3 Rxf3 20. Rfe1 Ref8 21. Bg3 R3f6 22. Re2 b5 23. Bc2 Nd8 24. Rae1 Bf4 25. Bh4 g5 26. Bg3 h5 27. Bxf4 Rxf4 28. Re5 Rxf2 29. Rxg5+ Kf7 30. Kxf2 1-0

[Event "Karl Mala Memorial op 12th"]
[Site "Frankfurt"]
[Date "2009.07.17"]
[Round "3"]
[White "Desor, Helmut"]
[Black "Muenstermann, Matthias"]
[Result "1/2-1/2"]
[WhiteElo "1755"]
[BlackElo "1331"]
[PlyCount "53"]
[EventDate "2009.07.16"]
[EventType "swiss"]
[EventRounds "7"]
[EventCountry "GER"]
[SourceTitle "EXT 2010"]
[Source "ChessBase"]
[SourceDate "2010.11.25"]
[SourceVersion "1"]
[SourceVersionDate "2010.11.25"]
[SourceQuality "1"]

1. c4 Nf6 2. Nc3 d6 3. d4 e5 4. dxe5 dxe5 5. Qxd8+ Kxd8 6. Nf3 Nbd7 7. a3 c6 8. e4 a5 9. Be2 h6 10. 0-0 Kc7 11. h3 Bc5 12. Rd1 Re8 13. Rd3 Nh7 14. Be3 Bxe3 15. Rxe3 Nc5 16. Bd3 f6 17. Bc2 Be6 18. b3 Rad8 19. b4 axb4 20. axb4 Na6 21. b5 Nb4 22. Bb3 Bxc4 23. Bxc4 Nc2 24. b6+ Kb8 25. Rc1 Nxe3 26. fxe3 Ng5 27. Nxg5 1/2-1/2

[Event "Karl Mala Memorial op 12th"]
[Site "Frankfurt"]
[Date "2009.07.16"]
[Round "1"]
[White "Steblin, Daniel"]
[Black "Muenstermann, Matthias"]
[Result "1-0"]
[WhiteElo "1973"]
[BlackElo "1331"]
[PlyCount "51"]
[EventDate "2009.07.16"]
[EventType "swiss"]
[EventRounds "7"]
[EventCountry "GER"]
[SourceTitle "EXT 2010"]
[Source "ChessBase"]
[SourceDate "2010.11.25"]
[SourceVersion "1"]
[SourceVersionDate "2010.11.25"]
[SourceQuality "1"]

1. e4 Nc6 2. Nf3 d5 3. exd5 Qxd5 4. Nc3 Qd8 5. d4 e6 6. Be2 Nf6 7. 0-0 b6 8. Bb5 Bd7 9. Bf4 a6 10. Ba4 b5 11. Bb3 Na5 12. Re1 Nxb3 13. axb3 Bd6 14. Bg5 Be7 15. Ne5 0-0 16. Qf3 h6 17. Bh4 Nh7 18. Bxe7 Qxe7 19. Ne4 b4 20. c4 bxc3 21. bxc3 Rfb8 22. Nc5 Bc8 23. Nc6 Qd6 24. Nxb8 Rxb8 25. Rad1 Ng5 26. Qg3 1-0